00736cam a2200181 a 450000100100000000500170001000800410002704000250006808200170009310000310011024500820014126000700022330000320029365000480032565000430037395201210041699900170053700001433220200929163558.0960423s1995 pr a 000 0 spa  aDO-SdBNPbspacBNPHU a331.01bI68r1 aIrizarry, Aníbal.93234710aReflexiones y anécdotas en torno al mundo del trabajo /cAníbal Irizarry. aSan Juan, Puerto Rico :bTalleres Gráficos Ramallo Bros,c1995. aix, 432 p. :bil. ;c23 cm. 4aRelaciones industrialeszPuerto Rico932348 4aDerecho al trabajozPuerto Rico932349 001052708MOaGRbGRcCTd2009-12-09iLF1l0o331.01 I68rp14332-10r2020-06-25w2020-06-25y2ZPréstamo interno c13927d13927